Co to za zwierzak? #4 - Statystyki

Ogólne statystyki
  • Ten quiz został rozwiązany 33 razy
  • Średni wynik to 11 z 24
Statystyki odpowiedzi
Obrazkowy Hint Odpowiedź % Poprawnych
x rzeczny Dzikan
100%
x stepowy Manul
100%
x rudy Patas
100%
x bagienna Walabia
100%
x tygrysia Genetta / Żeneta
67%
x większy Grizon
67%
x nowozelandzki, inaczej Niedźwiedź morski Kotik
67%
x białoogonowy Mulak
67%
x górski Nahur / Nachur
67%
x nowogwinejska Pałanka
67%
x węgierski, rasa psa Puli
67%
x ukraiński Desman
33%
x okularowy Filander
33%
x szponiasty Karlik
33%
niemiecka rasa owiec Lajna
33%
x karłowaty Mikrusek
33%
x wyspowy Urocjon
33%
x malowany Wełniaczek
33%
x niedźwiedzi Kuskusiec
0%
x szara Mazama
0%
x iberyjska Pętówka
0%
x berberyjska Pręgomysz
0%
x południowy Ridbok
0%
x żółtogłowa Uistiti
0%
Nie znaleziono quizów pasujących do podanych kryteriów
Rozkład punktacji
Procent ludzi z każdym wynikiem
Percentyl według liczby udzielonych odpowiedzi
Twoja historia wyników
Nie rozwiązałeś tego quizu